African urban harvest : (Record no. 502)
[ view plain ]
| 000 -LEADER | |
|---|---|
| fixed length control field | 01571nam a22003737a 4500 |
| 001 - CONTROL NUMBER | |
| control field | 16329141 |
| 005 - DATE AND TIME OF LATEST TRANSACTION | |
| control field | 20230727133151.0 |
| 008 - FIXED-LENGTH DATA ELEMENTS--GENERAL INFORMATION | |
| fixed length control field | 230727b |||||||| |||| 00| 0 eng d |
| 010 ## - LIBRARY OF CONGRESS CONTROL NUMBER | |
| LC control number | 2010932400 |
| 020 ## - INTERNATIONAL STANDARD BOOK NUMBER | |
| International Standard Book Number | 9781441962492 (hbk. : alk. paper) |
| 020 ## - INTERNATIONAL STANDARD BOOK NUMBER | |
| International Standard Book Number | 1441962492 (hbk. : alk, paper) |
| 020 ## - INTERNATIONAL STANDARD BOOK NUMBER | |
| Canceled/invalid ISBN | 9781441962508 (e-ISBN) |
| 020 ## - INTERNATIONAL STANDARD BOOK NUMBER | |
| Canceled/invalid ISBN | 1441962506 (e-ISBN) |
| 020 ## - INTERNATIONAL STANDARD BOOK NUMBER | |
| International Standard Book Number | 9781441965714 (pbk.) |
| 020 ## - INTERNATIONAL STANDARD BOOK NUMBER | |
| International Standard Book Number | 1441965718 (pbk.) |
| 035 ## - SYSTEM CONTROL NUMBER | |
| System control number | (OCoLC)ocn636916570 |
| 040 ## - CATALOGING SOURCE | |
| Original cataloging agency | UKM |
| Transcribing agency | KMU |
| Modifying agency | KMU |
| Description conventions | rda |
| 050 00 - LIBRARY OF CONGRESS CALL NUMBER | |
| Classification number | S 494.5.U72 Afr |
| 245 00 - TITLE STATEMENT | |
| Title | African urban harvest : |
| Remainder of title | agriculture in the cities of Cameroon, Kenya and Uganda / |
| Statement of responsibility, etc. | Gordon Prain, Nancy Karanja, Diana Lee-Smith, editors. |
| 246 30 - VARYING FORM OF TITLE | |
| Title proper/short title | Agriculture in the cities of Cameroon, Kenya and Uganda |
| 260 ## - PUBLICATION, DISTRIBUTION, ETC. | |
| Place of publication, distribution, etc. | New York : |
| Name of publisher, distributor, etc. | Springer ; |
| Place of publication, distribution, etc. | Ottawa : |
| Name of publisher, distributor, etc. | International Development Research Centre ; |
| Place of publication, distribution, etc. | Lima, Peru : |
| Name of publisher, distributor, etc. | International Potato Center, |
| Date of publication, distribution, etc. | c2010. |
| 300 ## - PHYSICAL DESCRIPTION | |
| Extent | xx, 322 p. : |
| Other physical details | ill., maps ; |
| Dimensions | 25 cm. |
| 504 ## - BIBLIOGRAPHY, ETC. NOTE | |
| Bibliography, etc. note | Includes bibliographical references and index. |
| 650 #0 - SUBJECT ADDED ENTRY--TOPICAL TERM | |
| Topical term or geographic name entry element | Urban agriculture |
| Geographic subdivision | Africa, Sub-Saharan. |
| 650 #0 - SUBJECT ADDED ENTRY--TOPICAL TERM | |
| Topical term or geographic name entry element | Food supply |
| Geographic subdivision | Africa, Sub-Saharan. |
| 700 1# - ADDED ENTRY--PERSONAL NAME | |
| Personal name | Prain, Gordon. |
| 700 1# - ADDED ENTRY--PERSONAL NAME | |
| Personal name | Lee-Smith, Diana. |
| 700 1# - ADDED ENTRY--PERSONAL NAME | |
| Personal name | Karanja, Nancy. |
| 710 2# - ADDED ENTRY--CORPORATE NAME | |
| Corporate name or jurisdiction name as entry element | International Development Research Centre (Canada) |
| 906 ## - LOCAL DATA ELEMENT F, LDF (RLIN) | |
| a | 7 |
| b | cbc |
| c | copycat |
| d | 2 |
| e | ncip |
| f | 20 |
| g | y-gencatlg |
| 942 ## - ADDED ENTRY ELEMENTS (KOHA) | |
| Source of classification or shelving scheme | Library of Congress Classification |
| Koha item type | Non-Fiction |
| Suppress in OPAC | No |
| Withdrawn status | Lost status | Source of classification or shelving scheme | Damaged status | Not for loan | Collection | Home library | Current library | Shelving location | Date acquired | Source of acquisition | Total Checkouts | Full call number | Barcode | Date last seen | Price effective from | Koha item type |
|---|---|---|---|---|---|---|---|---|---|---|---|---|---|---|---|---|
| Library of Congress Classification | Non-fiction | Kapasa Makasa University | Kapasa Makasa University | Open Access | 27.07.2023 | CBU Library | S 494.5.U72 Afr | 742363 | 27.07.2023 | 27.07.2023 | Non-Fiction |